MDQL
is popping MORE tags! Check the
thread
!
Quizzes
Events
Quiz Creation
Community
Videos
Private Events
Remove Ads
Sign In
Join for FREE
Feedback
Dark Mode
Quiz Categories
Sports
Geography
Music
Movies
Television
Just For Fun
Miscellaneous
History
Literature
Language
Science
Gaming
Entertainment
Religion
Holiday
For Kids
Quiz Lab
Recent
Popular Today
Quiz Kudos Today
Editor Picks
Curator Picks
Quizzes by...
Day
Popularity
Type
Ratings
Length
Year
Community
Subscriptions
Recent Discussions
Orange Saloon
Badges
Playlists
Quests
Create
Leaderboards
Showdown
Live 5
Trivia Bingo
Activity
Puzzle Library
Sporcle Events
Private Events
Virtual Trivia
Globe League
Become a Host
Pub Owners
SporcleCon
Opinionation
Our Games
Videos
Blog
Mobile Apps
Partnerships
Remove Ads and Go Orange
Feedback
Music
Pop Music
The Beatles
Song
Album
Lyrics
Bands
Singers
Artist
Clip
Rock
Rap
Classical
Billboard
Country Music
Kpop
Taylor Swift
Music
Pop Music
The Beatles
Song
Album
Lyrics
Bands
Singers
Artist
Clip
Rock
Rap
Classical
Billboard
Country Music
Kpop
Taylor Swift
Random Quiz
Search Sporcle
×
Quiz Lab
Quiz Lab
Music
Heavy Metal
Type in answers that appear in a list
Type in answers that appear in a list
Classic
Best Score? Go Orange.
90's and 00's Metal and Hard Rock Stats
Can you name the these modern metal and hrad rock bands?
By
nrg222
10m
100 Questions
2,053 Plays
2,053 Plays
2,053 Plays
Comments
Comments
Give Quiz Kudos
Give Quiz Kudos
-
- Ratings
hide this ad
Replay
Link that replays current quiz
Next Quiz
Link to next quiz in quiz playlist
You Got
0%
They Got
Avg Score
41%
Avg Friend Score
Upgrade to see
Score Distribution
Jump to the score distribution portion of the page
Score
0/100
Timer
10:00
0
Plays Today
Song
Band
% Correct
Toxicity
System of a Down
87.1%
Basket Case
Green Day
85.5%
Everlong
Foo Fighters
82.6%
Black Hole Sun
Soundgarden
81.8%
Crawling
Linkin Park
80.5%
Wait and Bleed
Slipknot
76.7%
Walk
Pantera
74.9%
Stricken
Disturbed
73.5%
Bat Country
Avenged Sevenfold
73.4%
Du Hast
Rammstein
73.1%
Rollin'
Limp Bizkit
73%
Smooth Criminal
Alien Ant Farm
71%
Coming Undone
Korn
70%
Give It Away
Red Hot Chili Peppers
68.3%
Bodies
Drowning Pool
68.1%
Guerilla Radio
Rage Against the Machine
67.6%
My Immortal
Evanescence
67.1%
Your Gonna Go Far, Kid
The Offspring
65%
Bullet With Butterfly Wings
Smashing Pumpkins
64.3%
Diary of Jane
Breaking Benjamin
63%
Would?
Alice in Chains
62.7%
Youth of the Nation
P.O.D.
61.2%
Its Been Awhile
Staind
60.9%
Remedy
Seether
60.4%
Like a Stone
Audioslave
60.1%
Headstrong
Trapt
57.8%
Fat Lip
Sum 41
57.7%
Through Glass
Stone Sour
56.9%
Plush
Stone Temple Pilots
54.6%
You Know You're Right
Nirvana
54.5%
Blurry
Puddle of Mudd
53.6%
Your Betrayal
Bullet For My Valentine
52.7%
Icky Thump
The White Stripes
52.1%
The Pot
Tool
51.8%
Song
Band
% Correct
The Hand That Feeds
Nine Inch Nails
51.8%
More Human Than Human
White Zombie
51.5%
Riot
Three Days Grace
51.2%
Higher
Creed
50.2%
The Kill
30 Seconds to Mars
49.6%
Uprising
Muse
49.1%
Animals
Nickelback
48.2%
Drive
Incubus
47.5%
Happy?
Mudvayne
47%
Black
Pearl Jam
46.6%
Paralyzer
Finger Eleven
46.4%
Second Chance
Shinedown
46.3%
Slither
Velvet Revolver
45.6%
I Believe in a Thing Called Love
The Darkness
44.1%
Redneck
Lamb of God
43.4%
Lips Of An Angel
Hinder
40.6%
The Bleeding
Five Finger Death Punch
40.5%
Bad Girlfriend
Theory of a Deadman
39.7%
American Bad Ass
Kid Rock
37.2%
Straight out of Line
Godsmack
36.9%
Diamond Eyes
Deftones
36.1%
Always
Saliva
35.2%
Hey Man, Nice Shot
Filter
34.9%
Lifeline
Papa Roach
34.1%
Coma White
Marilyn Manson
33.7%
Shipping Up To Boston
Dropkick Murphys
33.4%
Party Hard
Andrew W.K.
33.2%
Knives and Pens
Black Veil Brides
32.6%
Lords of Salem
Rob Zombie
32.5%
3's and 7's
Queens of the Stone Age
32.1%
Hero
Skillet
31.3%
When Worlds Collide
Powerman 5000
30.8%
Pull Me Under
Dream Theater
29.3%
Loco
Coal Chamber
29.2%
Song
Band
% Correct
Vitamin R
Chevelle
28.5%
Push It
Static X
28.3%
Midlife Crisis
Faith No More
28.2%
Fly Away
Lenny Kravitz
27.5%
Lit Up
Buckcherry
27.2%
Loser
3 Doors Down
26.6%
Refuse/
Resist
Sepultura
26.2%
Enemy
Sevendust
24.5%
I Don't Care
Apocalyptica
24.5%
I Get Off
Halestorm
22.7%
The Downfall of Us All
A Day to Remember
22.5%
Addicted
Saving Abel
21.1%
Porn Star Dancing
My Darkest Days
19.3%
Replica
Fear Factory
17.6%
Bullet with a Name
Nonpoint
17.2%
Halo
Soil
15.7%
Isolation
Alter Bridge
15.3%
N.W.O.
Ministry
15.3%
In This River
Black Label Society
14.6%
Been to Hell
Hollywood Undead
13.8%
Clouds Over California
DevilDriver
13.7%
Spellbound
Lacuna Coil
12%
Breakdown
Tantric
10.3%
Champagne
Cavo
9.4%
Shut Me Up
Mindless Self Indulgence
8.6%
Fix Me
10 Years
8.1%
Die Trying
Art of Dying
7%
Fire it Up
Thousand Foot Krutch
6.7%
Last Man Standing
Pop Evil
6.6%
Deadly Sinners
3 Inches of Blood
6.2%
Over and Under
Egypt Central
4.9%
Adrenaline
12 Stones
3.4%
Quiz Playlist
Details
Report
Send in Message
Add To Playlist
Classic:
Type in answers that appear in a list
Last Updated: Mar 25, 2017
Quiz Scoreboard
CHALLENGE
Sign Up to Join the Scoreboard
Show All
Scores
Hide
Comments
May contain spoilers
Recently Published
Image Sorting: Flags VI
by Barbecue
Geography
2m
Find the 'City' Movie
by crazypaving
Movies
60s
Colored Red Africa Blitz
by spor1
Geography
45s
More to Explore
Quiz From the Vault
Featured Blog Post
14 Easter Pick-up Lines to Find Eggs With
hide this ad
You Might Also Like...
Tags
1990s
2000s
Heavy Metal
Today's Top Quizzes in Music
Browse Music
hide this ad
Today's Top Quizzes in Heavy Metal
Browse Heavy Metal
Top Contributed Quizzes in Music
1
5X2 Blitz: Bands II
2
5X2 Blitz: The Beatles
3
Taylor Swift All Songs (2024)
4
5X2 Blitz: Billboard
5
5X2 Blitz: Billboard II
6
5X2 Blitz: Album
7
Taylor Swift Logic Puzzle II
8
5X2 Blitz: Singers
9
5X2 Blitz: Rock
10
5X2 Blitz: Lyrics
Explore More
Trending Topics
NBA
Disney
Kpop
Crossword
Marvel
Anime
Harry Potter
Pokémon
The Office
WWE
Puzzle
Song
Country
Soccer
NFL
hide this ad
More By:
nrg222
Quiz
Plays
Rating
Category
Featured
Created
90's and 00's Metal and Hard Rock
2,053
4.00
Music
Jun 2, 2011
Greatest Hard Rock Bands
643
3.80
Music
Jun 4, 2011
90's #1 Rock Hits
396
4.43
Music
Jun 7, 2011
Top Rock Songs
285
2.75
Music
Jun 1, 2011
Name The Metal Band
229
4.33
Music
Jun 4, 2011
Go to Creator's Profile
Score Distribution
Quiz Creator Spotlight
nrg222
Follow
Send a Message
Quizzes Created
-
Created Quiz Play Count
-
More By This Creator
Popular Quizzes Today
1
Colored Red Africa Blitz
2
Find the US States - No Outlines Minefield
3
Find the 'City' Movie
4
5x2 Blitz: Bands
5
The Countries of the World
6
Find the US States
7
Find the Countries of Europe - No Outlines Minefield
8
US States
More Music Quizzes
Taylor Swift - Maroon
Quiz Lab
Trending Quizzes
Colored Red Europe Blitz I
Colored Red Europe Blitz II
Colored Red Africa Blitz II
Colored Red Europe Blitz III
Colored Red Africa Blitz III
Recently Updated
How Do You Spell That?
pecheneg
Godzilla Movies
pecheneg
Grab Bag: 4-10 Letters
pecheneg
2024 March Madness Bracket
pecheneg
Famous TV Couples
Peacemaker
Champions League XIs: Real Madrid
pecheneg
Largest US Cities 1790-2010
pecheneg
Rides in Walt Disney World
pecheneg
Most Oscar Losses (Acting)
pecheneg
Beyoncé Albums
pecheneg
Trending Topics
Disney
Harry Potter
Marvel
Kpop
NBA
Anime
Crossword
WWE
Pokémon
The Office
NFL
Song
Puzzle
Country
Soccer
Your Account Isn't Verified!
In order to create a playlist on Sporcle, you need to verify the email address you used during registration. Go to your
Sporcle Settings
to finish the process.
Report this User
Report this user for behavior that violates our
Community Guidelines
.
Details:
Send Report
Go to the Sporcle.com Mobile Site →
Comments